Применение ультрадисперсных порошков при синтезе сверхпроводящей керамики Y-Ba-Cu-O; Физикохимия и технология высокотемпературных сверхпроводящих материалов

Dettagli Bibliografici
Parent link:Физикохимия и технология высокотемпературных сверхпроводящих материалов.— 1989.— С. 133-134
Altri autori: Диденко А. Н., Похолков Ю. П. Юрий Петрович, Хасанов О. Л. Олег Леонидович, Ильин А. П., Бокань С. И.
Lingua:russo
Pubblicazione: 1989
Soggetti:
Natura: Capitolo di libro
KOHA link:https://koha.lib.tpu.ru/cgi-bin/koha/opac-detail.pl?biblionumber=165248

MARC

LEADER 00000naa2a2200000 4500
001 165248
005 20240914063137.0
035 |a (RuTPU)RU\TPU\book\179266 
090 |a 165248 
100 |a 20090916d1989 k y0rusy50 ca 
101 0 |a rus 
102 |a RU 
200 1 |a Применение ультрадисперсных порошков при синтезе сверхпроводящей керамики Y-Ba-Cu-O  |f А. Н. Диденко [и др.] 
320 |a Библиогр.: 3 назв. 
463 0 |0 (RuTPU)RU\TPU\book\179146  |y 5-02-007235-4  |t Физикохимия и технология высокотемпературных сверхпроводящих материалов  |o труды первого Всесоюзного совещания (Москва, 13-15 сентября 1988 года)  |f Академия наук СССР ; Институт металлургии им. А.А. Байкова ; Институт общей и неорганической химии им. Н.С. Курнакова ; под ред. Н. П. Лякишева  |v С. 133-134  |d 1989  |p 507 с. 
610 1 |a труды учёных ТПУ 
675 |a 537.312.62  |v 3 
675 |a 621.762  |v 3 
701 1 |a Диденко  |b А. Н. 
701 1 |a Похолков  |b Ю. П.  |c специалист в области электротехники, доктор технических наук  |c ректор Томского политехнического университета (1990-2008), профессор  |f 1939-  |g Юрий Петрович  |x TPU  |y Томск  |3 (RuTPU)RU\TPU\pers\10508  |4 070  |9 2235 
701 1 |a Хасанов  |b О. Л.  |c физик, специалист в области наноматериалов  |c профессор Томского политехнического университета, доктор технических наук  |c директор Нано-Центра ТПУ, заведующий кафедрой наноматериалов и нанотехнологий  |f 1958-  |g Олег Леонидович  |3 (RuTPU)RU\TPU\pers\26436  |4 070  |9 12140 
701 1 |a Ильин  |b А. П. 
701 1 |a Бокань  |b С. И. 
801 1 |a RU  |b 63413507  |c 20090916 
801 2 |a RU  |b 63413507  |c 20110926  |g RCR 
942 |c BK